[Event "MEX-ch"]
[Site "Hermosillo"]
[Date "2003.12.02"]
[Round "2"]
[White "Quiriz Lopez, Jeaneth Estel"]
[Black "Blanco Fernandez, Alvaro"]
[Result "0-1"]
[WhiteElo "1917"]
[BlackElo "2390"]
[PlyCount "68"]
[EventDate "2003.12.01"]
[EventType "swiss"]
[EventRounds "9"]
[EventCountry "MEX"]
[SourceTitle "CBM 097 Extra"]
[Source "ChessBase"]
[SourceDate "2004.01.13"]
[SourceVersion "1"]
[SourceVersionDate "2004.01.13"]
[SourceQuality "1"]

1. e4 c5 2. Nf3 e6 3. d4 cxd4 4. Nxd4 a6 5. c4 Qc7 6. Nc3 b6 7. Be2 Bb7 8. 0-0 Nf6 9. Qc2 Be7 10. Be3 h5 11. a3 Ng4 12. Bxg4 hxg4 13. g3 Qxc4 14. b3 Qc7 15. f4 Nc6 16. Qe2 f5 17. Rfc1 Bf6 18. Nxc6 Bxc6 19. exf5 0-0 20. Qxg4 exf5 21. Qe2 Qd6 22. Rd1 Qe6 23. Qd2 Qxb3 24. Bd4 b5 25. Rdb1 Qc4 26. Rb4 Qf7 27. Bxf6 Qxf6 28. Rd1 Rae8 29. Nd5 Qf7 30. Nc7 Re7 31. Nxa6 Qh5 32. Qa2+ Kh8 33. Rbb1 Re2 34. Rd2 Qxh2+ 0-1

[Event "MEX ol U14 Girls"]
[Site "Guanajuato"]
[Date "2002.07.16"]
[Round "6"]
[White "Montero Gonzalez, Karla"]
[Black "Quiriz Lopez, Jeaneth Estel"]
[Result "1-0"]
[WhiteElo "1540"]
[BlackElo "1520"]
[PlyCount "71"]
[EventDate "2002.07.13"]
[EventType "swiss"]
[EventRounds "6"]
[EventCountry "MEX"]
[SourceTitle "EXT 2003"]
[Source "ChessBase"]
[SourceDate "2002.11.25"]
[SourceVersion "1"]
[SourceVersionDate "2002.11.25"]
[SourceQuality "1"]

1. e4 c5 2. Nf3 e6 3. d4 cxd4 4. Nxd4 a6 5. Nc3 Qc7 6. a3 b5 7. Bd3 Nf6 8. 0-0 Bb7 9. Re1 Nc6 10. Nxc6 Bxc6 11. e5 Nd5 12. Nxd5 Bxd5 13. Qe2 Qb7 14. f3 Bc5+ 15. Kh1 0-0 16. Bf4 Rfd8 17. b4 Bd4 18. Rac1 Rac8 19. Bxh7+ Kh8 20. Bd3 Bc4 21. Qe4 Qxe4 22. Bxe4 Bc3 23. Red1 a5 24. bxa5 Bxa5 25. Bg5 Bc3 26. Bxd8 Rxd8 27. Bc6 d5 28. exd6 Be2 29. d7 Bb2 30. Rb1 Bxa3 31. Rd2 Bc4 32. Bxb5 Bxb5 33. Rxb5 Be7 34. c4 Ra8 35. h3 Bd8 36. Rc5 1-0

[Event "MEX ol U14 Girls"]
[Site "Guanajuato"]
[Date "2002.07.16"]
[Round "5"]
[White "Trejo Morales, Jatinic Less"]
[Black "Quiriz Lopez, Jeaneth Estel"]
[Result "1/2-1/2"]
[WhiteElo "1457"]
[BlackElo "1520"]
[PlyCount "41"]
[EventDate "2002.07.13"]
[EventType "swiss"]
[EventRounds "6"]
[EventCountry "MEX"]
[SourceTitle "EXT 2003"]
[Source "ChessBase"]
[SourceDate "2002.11.25"]
[SourceVersion "1"]
[SourceVersionDate "2002.11.25"]
[SourceQuality "1"]

1. e4 e5 2. Nf3 Nf6 3. Nc3 Bb4 4. d3 d5 5. Bd2 0-0 6. a3 Bc5 7. exd5 Nxd5 8. Be2 Nc6 9. 0-0 Re8 10. Re1 Nd4 11. Ne4 Nxe2+ 12. Qxe2 Bb6 13. Rad1 Bg4 14. h3 Bh5 15. Ng3 Bxf3 16. Qxf3 Qf6 17. Qxf6 Nxf6 18. Ne4 Nxe4 19. dxe4 Rad8 20. Bc3 Bd4 21. Rd3 1/2-1/2

[Event "MEX ol U14 Girls"]
[Site "Guanajuato"]
[Date "2002.07.15"]
[Round "3"]
[White "Quiriz Lopez, Jeaneth Estel"]
[Black "Arreguin Hernandez, Yazmin"]
[Result "1-0"]
[WhiteElo "1520"]
[BlackElo "1447"]
[PlyCount "100"]
[EventDate "2002.07.13"]
[EventType "swiss"]
[EventRounds "6"]
[EventCountry "MEX"]
[SourceTitle "EXT 2003"]
[Source "ChessBase"]
[SourceDate "2002.11.25"]
[SourceVersion "1"]
[SourceVersionDate "2002.11.25"]
[SourceQuality "1"]

1. e4 e5 2. Nf3 Nc6 3. Bb5 a6 4. Bxc6 dxc6 5. d4 exd4 6. Qxd4 Qxd4 7. Nxd4 Bc5 8. Be3 Nf6 9. Nc3 Ng4 10. Ke2 0-0 11. Rad1 Nxe3 12. Kxe3 Rd8 13. f3 Be6 14. Nce2 Bc4 15. Nf4 Rd7 16. b3 Be6 17. c3 Rad8 18. Rd3 b5 19. Rhd1 Bxd4+ 20. cxd4 Re8 21. Rc3 Rd6 22. e5 Bd7 23. Nd3 f6 24. f4 g5 25. g3 Bf5 26. Rdc1 gxf4+ 27. gxf4 Bxd3 28. Rxd3 fxe5 29. dxe5 Rxd3+ 30. Kxd3 Re6 31. Ke4 Kf7 32. f5 Rh6 33. Rc2 Rh4+ 34. Kf3 Rh5 35. Kg4 Rh6 36. h4 c5 37. Rxc5 Ke7 38. Rxc7+ Kd8 39. Kg5 Rb6 40. Rxh7 Rc6 41. Rh6 Rc7 42. Rh8+ Kd7 43. Rh7+ Kd8 44. Rxc7 Kxc7 45. f6 Kd7 46. Kg6 Ke6 47. f7 Ke7 48. h5 a5 49. e6 Kxe6 50. f8Q Kd5 1-0

[Event "MEX ol U14 Girls"]
[Site "Guanajuato"]
[Date "2002.07.14"]
[Round "1"]
[White "Quiriz Lopez, Jeaneth Estel"]
[Black "Godinez Cervantes, Maria"]
[Result "1-0"]
[WhiteElo "1520"]
[BlackElo "1373"]
[PlyCount "93"]
[EventDate "2002.07.13"]
[EventType "swiss"]
[EventRounds "6"]
[EventCountry "MEX"]
[SourceTitle "EXT 2003"]
[Source "ChessBase"]
[SourceDate "2002.11.25"]
[SourceVersion "1"]
[SourceVersionDate "2002.11.25"]
[SourceQuality "1"]

1. e4 c5 2. Nc3 Nc6 3. Bc4 e6 4. d3 d6 5. f4 Nf6 6. Nf3 d5 7. exd5 exd5 8. Bb3 Be7 9. 0-0 0-0 10. Bd2 a6 11. a4 Be6 12. Qe2 Re8 13. Kh1 h6 14. h3 Qc7 15. Ne5 Nxe5 16. fxe5 Nd7 17. Bxd5 Nxe5 18. Bxe6 fxe6 19. Bf4 Qc6 20. Bxe5 Bd6 21. Bxd6 Qxd6 22. Qh5 Re7 23. Ne4 Qd4 24. Qxc5 Qd7 25. Qd6 Qe8 26. Rf3 Rd8 27. Qg3 Kh8 28. b3 Rc7 29. Qxc7 Qg8 30. Raf1 h5 31. Qxd8 Qxd8 32. Rf8+ Qxf8 33. Rxf8+ Kh7 34. Re8 g6 35. Rxe6 Kh6 36. Rb6 h4 37. Rxb7 g5 38. d4 Kg6 39. d5 Kf5 40. Re7 Kf4 41. d6 g4 42. d7 gxh3 43. gxh3 Ke3 44. d8Q Ke2 45. Nc3+ Kf2 46. Qf8+ Kg3 47. Re3# 1-0

[Event "MEX ol U16"]
[Site "Mexico City"]
[Date "2001.??.??"]
[Round "?"]
[White "Quiriz Lopez, Jeaneth Estel"]
[Black "Carreras Mendiolea, Paulina Adriana"]
[Result "1/2-1/2"]
[WhiteElo "1302"]
[BlackElo "1308"]
[PlyCount "80"]
[EventDate "2001.??.??"]
[EventType "swiss"]
[EventRounds "6"]
[EventCountry "MEX"]
[SourceTitle "EXT 2004"]
[Source "ChessBase"]
[SourceDate "2003.11.25"]
[SourceVersion "1"]
[SourceVersionDate "2003.11.25"]
[SourceQuality "1"]

1. e4 c5 2. f4 d6 3. Nf3 Nc6 4. g3 g6 5. Bg2 Bg7 6. 0-0 e6 7. d3 Nge7 8. Nc3 0-0 9. Kh1 b6 10. Bd2 Ba6 11. h3 Rb8 12. Qe1 Qc7 13. a3 b5 14. b3 Bc8 15. Ra2 b4 16. Ne2 a5 17. a4 Ba6 18. g4 d5 19. Qf2 c4 20. exd5 exd5 21. dxc4 dxc4 22. Ned4 cxb3 23. cxb3 Bxf1 24. Bxf1 Nxd4 25. Nxd4 Qb6 26. Be3 Nd5 27. Nf5 Nxe3 28. Nxe3 Bd4 29. Re2 Rfe8 30. Nd5 Rxe2 31. Qxe2 Qe6 32. Qxe6 fxe6 33. Ne7+ Kf7 34. Nc6 Rc8 35. Nxd4 Rc3 36. Kg2 Kf6 37. Bc4 e5 38. fxe5+ Kxe5 39. Nc6+ Kf4 40. Nxa5 Kg5 1/2-1/2